Statistics for Good Luck Charlie Characters

Click here to take the quiz!

General Stats

  • This quiz has been taken 1,363 times
  • The average score is 10 of 14

Answer Stats

HintAnswer% Correct
Cutest member of the Duncan familyCharlie
99%
Creates Video DiariesTeddy
99%
Oldest Duncan kidPJ
98%
The "troublemaker"Gabe
97%
MomAmy
94%
DadBob
91%
Newest member of the Duncan familyToby
86%
Teddy's boyfriendSpencer
82%
Teddy's friendIvy
68%
The Duncan's neighborMrs. Dabney
58%
PJ's friendEmmett
44%
Gabe's friendJake
30%
_____ WertheimerAlice
11%
Amy's friendDebbie Dooley
11%

Score Distribution

Percentile by Number Answered

Percent of People with Each Score

Your Score History

You have not taken this quiz